Words That Rhyme With At - Statistics

General Stats
  • This quiz has been taken 2,060 times
    1,452 since last reset
  • The average score is 19 of 26
Answer Stats
Answer % Correct
cat
99%
mat
98%
bat
97%
fat
95%
hat
95%
sat
94%
pat
93%
rat
92%
brat
82%
tat
79%
vat
79%
flat
75%
chat
73%
gat
72%
slat
71%
that
69%
spat
67%
stat
66%
gnat
65%
drat
64%
plat
63%
scat
62%
kat
51%
splat
51%
sprat
42%
matte
27%
No matching quizzes found
Score Distribution
Percent of People with Each Score
Percentile by Number Answered
Your Score History
You have not taken this quiz since the last reset